|
|
|
|
| LEADER |
02095nam a2200349 i 4500 |
| 001 |
10111527 |
| 003 |
GR-PaULI |
| 005 |
20250319121329.0 |
| 008 |
140129t2016 gr ea g 1 gre d |
| 952 |
|
|
|0 0
|1 0
|2 ddc
|4 0
|6 006_600000000000000_HEA
|7 0
|9 224546
|a LISP
|b LISP
|c BSC
|d 2018-07-19
|i 137481
|l 2
|m 1
|o 006.6 HEA
|p 025000258110
|r 2019-01-21 00:00:00
|s 2018-12-17
|t 1
|v 2018.00
|w 2018-07-19
|y BK15
|
| 952 |
|
|
|0 0
|1 0
|2 ddc
|4 0
|6 006_600000000000000_HEA
|7 0
|9 224548
|a LISP
|b LISP
|c BSC
|d 2018-07-19
|i 137483
|l 0
|o 006.6 HEA
|p 025000258108
|r 2018-07-19 00:00:00
|t 2
|v 2018.00
|w 2018-07-19
|y BK15
|
| 952 |
|
|
|0 0
|1 0
|2 ddc
|4 0
|6 006_600000000000000_HEA
|7 0
|9 224549
|a LISP
|b LISP
|c BSC
|d 2018-07-19
|i 137482
|l 0
|o 006.6 HEA
|p 025000258109
|r 2018-07-19 00:00:00
|t 3
|v 2018.00
|w 2018-07-19
|y BK15
|
| 952 |
|
|
|0 0
|1 0
|2 ddc
|4 0
|6 006_600000000000000_HEA
|7 0
|9 224748
|a LISP
|b LISP
|c BSC
|d 2018-07-24
|i 131870
|l 0
|o 006.6 HEA
|p 025000252543
|r 2018-07-24 00:00:00
|t 4
|v 2018.00
|w 2018-07-24
|y BK15
|
| 999 |
|
|
|c 135594
|d 135594
|
| 020 |
|
|
|a 9789604182572
|
| 040 |
|
|
|a GR-PaULI
|b gre
|c GR-PaULI
|e AACR2
|
| 041 |
1 |
|
|a gre
|h eng
|
| 082 |
0 |
4 |
|a 006.6
|2 23
|
| 100 |
1 |
|
|a Hearn, Donald
|e συγγραφέας.
|9 113564
|
| 245 |
1 |
0 |
|a Γραφικά υπολογιστών με OpenGL /
|c Donald Hearn , M. Pauline Baker ; επιμέλεια Παναγιώτης Μποζάνης ; μετάφραση Γεώργιος Σίσιας.
|
| 260 |
|
|
|a Θεσσαλονίκη :
|b Τζιόλας
|c c2014.
|
| 300 |
|
|
|a xxix, 1234 σ. :
|b εικ. ;
|c 25 εκ.
|
| 500 |
|
|
|a 3η έκδοση βελτιωμένη.
|
| 504 |
|
|
|a Περιλαμβάνει βιβλιογραφία και ευρετήριο.
|
| 650 |
|
4 |
|a OpenGL
|9 135854
|
| 650 |
|
4 |
|9 1029
|a Ηλεκτρονικοί υπολογιστές
|x Γραφικά.
|x
|
| 700 |
1 |
|
|a Baker, M. Pauline.
|e συγγραφέας.
|9 117430
|
| 700 |
1 |
|
|a Μποζάνης, Παναγιώτης Δ.
|e επιμελητής.
|9 12040
|
| 700 |
1 |
|
|a Σίσιας, Γεώργιος
|9 138490
|e μεταφραστής.
|
| 765 |
0 |
8 |
|i Μετάφραση του:
|t Computer graphics with OpenGL
|
| 942 |
|
|
|2 ddc
|c BK15
|
| 998 |
|
|
|c ΛΟΤΣΑΡΗ
|d 2018-07
|